01573nam a2200337 a 450000500170000000800410001702000150005804100080007310000320008124501210011325000110023426000350024530000160028050001620029665300560045865300320051465300340054665300460058065300850062665300810071165300820079265300480087465300290092265300460095165300210099765300930101865300270111170000340113870000350117270000280120720240412113743.0101001t1989||||ag a f |||| 001 0 spa d a9509020192 aspa1 aCabrera Fischer, Edmundo I. aInsuficiencia cardiaca severa.bInterpretación y tratamiento. Fundación Favaloro / cEdmundo I. Cabrera Fischer. a1a ed. aBuenos Aires: bAkadia;c1989. a240 p.bil. aCabrera Fischer, E. I. et al. (1989). Insuficiencia cardíaca severa. Interpretación y tratamiento. Fundación Favaloro. (1a ed.). Buenos Aires : Akadia. aBases fisiológicas de la insuficiencia cardíaca aNuevas drogas inotrópicas aCirculación extracorpórea aBalón de contrapulsión intraaórtica aSistemas de asistencia mecánica circulatoria 1: bomba a rodillo y centrífuga aSistemas de asistencia mecánica circulatoria 2: ventrículos artificiales aSistema COMDU para la mediación del volumen minuto del corazón artificial aAsistencia mecánica ventricular izquierda aTromboembolismo pulmonar aAsistencia mecánica ventricular derecha aCardiomioplastia aExperiencia local en cardiomioplastia para el tratamiento de la insuficiencia cardíaca aTransplante cardíaco1 aChachques, Juan CarloseAutor1 aPichel, Ricardo HoracioeAutor1 aFavaloro, Rene G.eCol.